000 00819cam a2200241 a 4500
001 000003149
005 20200929150338.0
008 740518s1970 mx 000 1 spa
040 _aDO-SdBNP
_bspa
_cBNPHU
041 1 7 _aspa
_heng
_2Código de idioma MARC
082 _a792.0973
_bG685t
100 1 _aGottfried, Martín
_99935
240 1 0 _aTheater divided.
_lEspañol
245 1 0 _aTeatro dividido :
_bel teatro norteamericano de la posguerra /
_cMartín Gottfried.
246 1 0 _aTeatro norteamericano de la posguerra
260 _aMéxico :
_bDiana,
_c1970.
300 _a298 p. ;
_c22 cm.
650 4 _aTeatro estadounidense
_xHistoria y crítica
_ySIGLO XX
_99936
650 4 _aGuerra mundial, 1939-1945
_xInfluencia
_99937
910 _aJornada de catalogación
910 _aCatalogación derivada
910 _aWM
999 _c2980
_d2980